000 00284nam a2200109Ia 4500
008 200302s9999 xx 000 0 und d
100 _aMargaret Birney Vikcery
245 _aSmith College : The Campus Guide
260 _bPrinceton Architectural Press
260 _c2007
300 _a162 P
999 _c4849
_d4849